Loading...
| Literature - World | 0 | 11 | 1 | 0 | 105 | 35 | 82.45 | 4 | 9 | 0.00 | 0.00 |
| Fine Arts - Painting and Sculpture | 0 | 10 | 1 | 1 | 95 | 63 | 89.70 | 4 | 8 | 0.00 | 0.00 |
| Literature - British | 0 | 9 | 0 | 0 | 90 | 25 | 75.56 | 4 | 7 | 0.00 | 0.00 |
| Fine Arts - Classical Music | 0 | 9 | 1 | 1 | 85 | 25 | 79.56 | 3 | 7 | 0.00 | 0.00 |
| Science - Physics | 0 | 9 | 4 | 1 | 70 | 28 | 60.22 | 3 | 8 | 0.00 | 0.00 |
| Mythology | 0 | 7 | 0 | 0 | 70 | 35 | 61.57 | 2 | 7 | 0.00 | 0.00 |
| Literature - European | 0 | 7 | 0 | 0 | 70 | 85 | 103.43 | 2 | 5 | 0.00 | 0.00 |
| Literature - American | 0 | 7 | 0 | 2 | 70 | 24 | 82.00 | 3 | 5 | 0.00 | 0.00 |
| Fine Arts - Other | 0 | 7 | 1 | 0 | 65 | 61 | 89.43 | 3 | 6 | 0.00 | 0.00 |
| Science - Chemistry | 0 | 7 | 1 | 0 | 65 | 54 | 70.29 | 6 | 6 | 0.00 | 0.00 |
| Science - Biology | 0 | 6 | 1 | 2 | 55 | 59 | 81.17 | 1 | 4 | 0.00 | 0.00 |
| History - American | 0 | 5 | 0 | 2 | 50 | 63 | 108.40 | 1 | 2 | 0.00 | 0.00 |
| Science - Other | 0 | 5 | 2 | 1 | 40 | 54 | 78.60 | 1 | 3 | 0.00 | 0.00 |
| Social Science | 0 | 3 | 0 | 1 | 30 | 81 | 90.33 | 1 | 1 | 0.00 | 0.00 |
| Philosophy | 0 | 3 | 0 | 0 | 30 | 62 | 78.00 | 2 | 3 | 0.00 | 0.00 |
| History - Other | 0 | 2 | 0 | 0 | 20 | 89 | 101.00 | 0 | 1 | 0.00 | 0.00 |
| Religion | 0 | 2 | 1 | 0 | 15 | 45 | 69.00 | 2 | 2 | 0.00 | 0.00 |
| Current Events | 0 | 1 | 0 | 0 | 10 | 72 | 72.00 | 1 | 1 | 0.00 | 0.00 |
| Other Academic | 0 | 1 | 0 | 0 | 10 | 57 | 57.00 | 0 | 0 | 0.00 | 0.00 |
| Popular Culture | 0 | 1 | 0 | 0 | 10 | 120 | 120.00 | 0 | 0 | 0.00 | 0.00 |
| History - World | 0 | 2 | 3 | 0 | 5 | 82 | 86.50 | 1 | 2 | 0.00 | 0.00 |
| History - European | 0 | 1 | 2 | 0 | 0 | 92 | 92.00 | 0 | 0 | 0.00 | 0.00 |